50 Biggest cities/towns in Queensland - Statistics

General Stats
  • This quiz has been taken 107 times
  • The average score is 21 of 50
Answer Stats
Rank Population Region Answer % Correct
1 2 054 614 South East Queensland Brisbane
100%
2 641 349 South East Queensland Gold Coast
100%
4 169 227 North Queensland Townsville
97%
6 167 213 Far North Queensland Cairns
96%
3 297 192 South East Queensland Sunshine Coast
95%
9 81 999 Central Queensland Rockhampton
92%
5 167 735 Darling Downs Toowoomba
92%
7 117 902 Central Queensland Mackay
88%
8 96 376 Wide Bay Burnett Bundaberg
81%
14 21 318 Gulf Country Mt Isa
79%
10 56 392 Wide Bay Burnett Hervey Bay
71%
11 52 925 Wide Bay Burnett Gympie
67%
12 35 911 Central Queensland Gladstone
64%
37 7 011 Maranoa Roma
60%
13 27 299 Wide Bay Burnett Maryborough
56%
18 14 356 Central Queensland Emerald
55%
17 15 130 Darling Downs Warwick
52%
36 7 015 Central Queensland Yeppoon
45%
25 10 013 North Queensland Bowen
43%
47 4 550 Far North Queensland Port Douglas
43%
20 12 719 Darling Downs Dalby
40%
35 7 101 South East Queensland Gatton
35%
15 19 156 South East Queensland Nambour
35%
50 4 221 Southern Downs Stanthorpe
35%
32 8 120 North Queensland Charters Towers
33%
33 7 957 Far North Queensland Innisfail
32%
26 10 020 Wide Bay Burnett Kingaroy
31%
29 8 738 North Queensland Ayr
28%
24 10 630 Southern Downs Goondiwindi
28%
34 7 331 Far North Queensland Atherton
27%
41 5 877 Western Downs Chinchilla
27%
28 9 257 South East Queensland Beaudesert
25%
49 4 226 North Queensland Ingham
25%
22 11 079 Far North Queensland Mareeba
21%
30 8 735 Central Queensland Moranbah
21%
42 5 758 Central Queensland Biloela
17%
23 11 015 Wide Bay Burnett Bargara
16%
48 4 529 Darling Downs Oakey
16%
44 5 522 Central Queensland Sarina
16%
45 4 797 Central Queensland Blackwater
15%
16 18 142 South East Queensland Bongaree
15%
46 4 708 South East Queensland Boonah
15%
38 6 991 Central Queensland Tannum Sands
13%
19 13 201 South East Queensland Jimboomba
12%
40 6 769 South East Queensland Beerwah
9%
27 9 264 Far North Queensland Gordonvale
9%
21 11 315 Central Queensland Gracemere
5%
43 5 676 South East Queensland Palmwoods
4%
31 8 215 South East Queensland Tamborine Mountain
4%
39 6 835 South East Queensland Mt Cotton
3%
No matching quizzes found
Score Distribution
Percent of People with Each Score
Percentile by Number Answered
Your Score History
You have not taken this quiz